| 000 | 00439cam a22001337a 4500 | ||
|---|---|---|---|
| 008 | 180718b1997 xxu||||| |||| 00| 0 eng d | ||
| 082 | _aAPPPA 96-97 RAO | ||
| 100 | _aRao, P. Jyoti | ||
| 245 |
_aJawahar rozgar yojna: a policy implementation perspective _cby P. Jyoti Rao |
||
| 260 |
_aNew Delhi _bIndian Institute of Public Administration _c1997 |
||
| 300 | _a160p. | ||
| 650 | _aJawahar Rozgar Yojana | ||
| 650 | _aEmployment, Rural - India | ||
| 999 |
_c482108 _d482108 |
||